El lenguaje desde el punto de vista funcional
שמור ב:
| מחבר ראשי: | |
|---|---|
| פורמט: | ספר |
| שפה: | ספרדית |
| יצא לאור: |
Madrid
Gredos
1971
|
| סדרה: | Biblioteca Románica Hispánica, estudios y ensayos, 150
|
| נושאים: | |
| תגים: |
הוספת תג
אין תגיות, היה/י הראשונ/ה לתייג את הרשומה!
|
MARC
| LEADER | 00000nam a2200000 a 4500 | ||
|---|---|---|---|
| 001 | UCR8011 | ||
| 003 | CL-VaPUC | ||
| 008 | 980519e19710000SP |||||||||||||||||spa|d | ||
| 082 | 0 | 4 | |a 410 |b MAR |2 21 |
| 100 | |a Martinet, André V. |e autor |9 611822 | ||
| 245 | 1 | 3 | |a El lenguaje desde el punto de vista funcional |
| 300 | |a 216 p | ||
| 942 | |c BK | ||
| 945 | |d 19980519 00:00:00 |a crobeson | ||
| 260 | |a Madrid |b Gredos |c 1971 | ||
| 650 | 0 | |a Lingüística |9 265068 | |
| 650 | 7 | |a FUNCIONALISMO LINGUISTICA |2 CL-VaPUC |9 316670 | |
| 583 | |a last modification |c 19980519 00:00:00 |k Rodrigo Vera | ||
| 490 | 0 | |a Biblioteca Románica Hispánica, estudios y ensayos, 150 | |
| 999 | |c 269581 |d 269579 | ||
| 952 | |0 0 |1 0 |4 0 |6 410_000000000000000_MAR_1971 |7 0 |8 A |9 303356 |a BIBEDU |b BIBEDU |d 2019-11-20 |i 286357K |o 410 MAR 1971 |p 286357K |r 2019-11-20 |w 2019-11-20 |y BK |k LIT | ||
| 952 | |0 0 |1 0 |4 0 |6 410_000000000000000_MAR_1971 |7 0 |8 A |9 303357 |a FDOPOS |b FDOPOS |d 2019-11-20 |i 2863588 |o 410 MAR 1971 |p 2863588 |r 2025-01-22 |w 2019-11-20 |y BK |k MLA | ||
| 952 | |0 0 |1 0 |4 0 |6 410_000000000000000_MAR_1971 |7 0 |8 A |9 303358 |a BIBEDU |b BIBEDU |c BIBEDU_PB |d 2019-11-20 |i 3815463 |l 1 |o 410 MAR 1971 |p 3815463 |r 2024-01-25 |s 2022-05-13 |w 2019-11-20 |y BK |k BME | ||
| 952 | |0 0 |1 0 |4 0 |6 410_000000000000000_MAR_1971 |7 0 |8 A |9 303359 |a FDOPOS |b FDOPOS |d 2019-11-20 |i 4274970 |o 410 MAR 1971 |p 4274970 |r 2025-01-22 |w 2019-11-20 |y BK |k MLA | ||
| 952 | |0 0 |1 0 |4 0 |6 410_000000000000000_MAR_1971 |7 0 |8 A |9 303360 |a FDOPOS |b FDOPOS |d 2019-11-20 |i 4272331 |o 410 MAR 1971 |p 4272331 |r 2025-01-22 |w 2019-11-20 |y BK |k MLA | ||